| 000 | 01100nam a22003257a 4500 | ||
|---|---|---|---|
| 003 | EG-ScBUE | ||
| 005 | 20220316104327.0 | ||
| 008 | 110530s2009 ua f d 000 f1eeng d | ||
| 020 | _a977416301X | ||
| 020 | _a9789774163012 | ||
| 040 |
_aEG-ScBUE _beng _erda _cEG-ScBUE _dEG-ScBUE |
||
| 082 | 0 | 4 |
_222 _a892.736 _bJUL |
| 100 | 1 |
_924478 _aAbū Julayyil, Ḥamdī, _eauthor. |
|
| 245 | 1 | 2 |
_aA dog with no tail / _cHamdi Abu Golayyel ; translated by Robin Moger. |
| 264 | 1 |
_aCairo : _bThe American University in Cairo Press, _c2009. |
|
| 300 |
_a152 pages ; _c24 cm. |
||
| 336 |
_2rdacontent _atext _btxt |
||
| 337 |
_2rdamedia _aunmediated _bn |
||
| 338 |
_2rdacarrier _avolume _bnc |
||
| 490 | 0 | _aModern Arabic literature | |
| 500 | _aIncludes glossary. | ||
| 546 | _aText in English ; translated from the original Arabic. | ||
| 586 | _aWinner of the Naguib Mahfouz Medal for Literature | ||
| 650 | 7 |
_aBedouins _vFiction. _2BUEsh |
|
| 651 | _2BUEsh | ||
| 653 |
_cMay2011 _bARALIT |
||
| 655 |
_aArabic fiction _vReading book |
||
| 700 | 1 |
_924479 _aMoger, Robin, _etranslator. |
|
| 942 |
_2ddc _cBB |
||
| 999 |
_c15482 _d15482 |
||